<?xml version="1.0" encoding="UTF-8"?><?xml-stylesheet type="text/xsl" href="static/style.xsl"?><OAI-PMH xmlns="http://www.openarchives.org/OAI/2.0/" xmlns:xsi="http://www.w3.org/2001/XMLSchema-instance" xsi:schemaLocation="http://www.openarchives.org/OAI/2.0/ http://www.openarchives.org/OAI/2.0/OAI-PMH.xsd"><responseDate>2026-06-01T09:49:38Z</responseDate><request verb="GetRecord" identifier="oai:riuma.uma.es:10630/31975" metadataPrefix="marc">https://riuma.uma.es/rest/oai/request</request><GetRecord><record><header><identifier>oai:riuma.uma.es:10630/31975</identifier><datestamp>2026-02-03T12:24:37Z</datestamp><setSpec>com_10630_2254</setSpec><setSpec>col_10630_37959</setSpec></header><metadata><record xmlns="http://www.loc.gov/MARC21/slim" xmlns:dcterms="http://purl.org/dc/terms/" xmlns:doc="http://www.lyncode.com/xoai" xmlns:xsi="http://www.w3.org/2001/XMLSchema-instance" xsi:schemaLocation="http://www.loc.gov/MARC21/slim http://www.loc.gov/standards/marcxml/schema/MARC21slim.xsd">
   <leader>00925njm 22002777a 4500</leader>
   <datafield ind2=" " ind1=" " tag="042">
      <subfield code="a">dc</subfield>
   </datafield>
   <datafield ind2=" " ind1=" " tag="720">
      <subfield code="a">Vertedor Morales, Sergio</subfield>
      <subfield code="e">author</subfield>
   </datafield>
   <datafield ind2=" " ind1=" " tag="720">
      <subfield code="a">Dávila-Arias, María Guadalupe</subfield>
      <subfield code="e">author</subfield>
   </datafield>
   <datafield ind2=" " ind1=" " tag="720">
      <subfield code="a">Berthier-Torres, Marcelo Luis</subfield>
      <subfield code="e">author</subfield>
   </datafield>
   <datafield ind2=" " ind1=" " tag="260">
      <subfield code="c">2024</subfield>
   </datafield>
   <datafield ind2=" " ind1=" " tag="520">
      <subfield code="a">Introducción:&#xd;
Numerosas taxonomías han sido propuestas para tratar de definir cada de las conductas reiterativas verbales (CRV) existentes en una amplia gama de condiciones neurológicas y psiquiátricas. Sin embargo, la confusión y el solapamiento conceptual entre ellas por clínicos y académicos ha venido siendo, desde hace más de tres décadas, un problema frecuentemente señalado en la literatura.&#xd;
&#xd;
Objetivo:&#xd;
Operacionalizar para cada CRV su definición, tipo, correlatos cerebrales y cognitivos, aproximación terapéutica y patologías donde es más común su presencia.&#xd;
&#xd;
Método:&#xd;
Se ha realizado una revisión bibliográfica mediante las bases de datos PubMed, PsycInfo, Scopus, y Web of Science. Además, se han revisado manualmente referencias bibliográficas citadas en los artículos y no listadas en las bases de datos consultadas. La propuesta de taxonomía fue establecida por consenso entre dos investigadores (SV y MLB).&#xd;
&#xd;
Resultados:&#xd;
Se han encontrado dos grandes grupos de CRV: aquellas donde se reitera la información auditiva escuchada de otro emisor —ecolalia, repetición e imitación verbal— y aquellas donde éste reitera su propia habla. Estas últimas se dividieron en: (1) perseverativas —perseveración y tics verbales, logoclonia, palilalia y tartamudez—, estereotípicas —estereotipia y automatismo verbales— y (3) sucesivas —aproximaciones semánticas, conduite d’approche y conduite d’écart.&#xd;
&#xd;
Conclusiones:&#xd;
La aportación de una nueva taxonomía sobre las CRV contribuye a relacionar mejor la fenomenología clínica con las posibles patologías y trastornos subyacentes (p. ej., palilalia → calcificación de los ganglios basales), siendo útil para mejorar la precisión diagnóstica que oriente al diagnóstico etiológico y tratamiento de cada CRV.</subfield>
   </datafield>
   <datafield ind1="8" ind2=" " tag="024">
      <subfield code="a">https://hdl.handle.net/10630/31975</subfield>
   </datafield>
   <datafield tag="653" ind2=" " ind1=" ">
      <subfield code="a">Neurociencia cognitiva</subfield>
   </datafield>
   <datafield tag="653" ind2=" " ind1=" ">
      <subfield code="a">Aprendizaje conceptual</subfield>
   </datafield>
   <datafield tag="653" ind2=" " ind1=" ">
      <subfield code="a">Conducta - Trastornos</subfield>
   </datafield>
   <datafield ind2="0" ind1="0" tag="245">
      <subfield code="a">Conductas Reiterativas Verbales: Taxonomía y Conceptualización.</subfield>
   </datafield>
</record>
</metadata></record></GetRecord></OAI-PMH>